<?xml version='1.0' encoding='UTF-8'?>
  <record xmlns="http://www.loc.gov/MARC21/slim">
    <leader>00000cam a2200000 i 4500</leader>
    <controlfield tag="001">ocm06685556</controlfield>
    <controlfield tag="003">OCoLC</controlfield>
    <controlfield tag="005">20250702170119.5</controlfield>
    <controlfield tag="008">800905s1903    gw            000 0 ger  </controlfield>
    <datafield tag="010" ind1=" " ind2=" ">
      <subfield code="a">   05005758 </subfield>
    </datafield>
    <datafield tag="040" ind1=" " ind2=" ">
      <subfield code="a">DLC</subfield>
      <subfield code="b">eng</subfield>
      <subfield code="c">CLE</subfield>
      <subfield code="d">OCLCQ</subfield>
      <subfield code="d">AAA</subfield>
      <subfield code="d">OCLCQ</subfield>
      <subfield code="d">VA@</subfield>
      <subfield code="d">FUG</subfield>
      <subfield code="d">GBVCP</subfield>
      <subfield code="d">OCLCQ</subfield>
      <subfield code="d">SHS</subfield>
      <subfield code="d">OCLCF</subfield>
      <subfield code="d">QGJ</subfield>
      <subfield code="d">OCLCO</subfield>
      <subfield code="d">OCLCQ</subfield>
      <subfield code="d">OCLCL</subfield>
      <subfield code="d">OCLCQ</subfield>
      <subfield code="d">OCLCL</subfield>
    </datafield>
    <datafield tag="029" ind1="1" ind2=" ">
      <subfield code="a">DEBBG</subfield>
      <subfield code="b">BV008395202</subfield>
    </datafield>
    <datafield tag="029" ind1="1" ind2=" ">
      <subfield code="a">GEBAY</subfield>
      <subfield code="b">8075420</subfield>
    </datafield>
    <datafield tag="029" ind1="1" ind2=" ">
      <subfield code="a">HEBIS</subfield>
      <subfield code="b">093186509</subfield>
    </datafield>
    <datafield tag="029" ind1="1" ind2=" ">
      <subfield code="a">NLGGC</subfield>
      <subfield code="b">063150492</subfield>
    </datafield>
    <datafield tag="035" ind1=" " ind2=" ">
      <subfield code="a">(OCoLC)6685556</subfield>
    </datafield>
    <datafield tag="041" ind1="0" ind2=" ">
      <subfield code="a">ger</subfield>
      <subfield code="a">ang</subfield>
    </datafield>
    <datafield tag="050" ind1="1" ind2="4">
      <subfield code="a">PR1710.A5</subfield>
      <subfield code="b">T73</subfield>
    </datafield>
    <datafield tag="082" ind1="0" ind2="4">
      <subfield code="a">829.3</subfield>
      <subfield code="b">T69</subfield>
      <subfield code="1">https://id.oclc.org/worldcat/ddc/E43JQh7mhjtYqD39K7d7vth7wr</subfield>
    </datafield>
    <datafield tag="084" ind1=" " ind2=" ">
      <subfield code="a">7,24</subfield>
      <subfield code="2">ssgn</subfield>
    </datafield>
    <datafield tag="100" ind1="1" ind2=" ">
      <subfield code="a">Trautmann, Moritz,</subfield>
      <subfield code="d">1842-1920.</subfield>
    </datafield>
    <datafield tag="245" ind1="1" ind2="0">
      <subfield code="a">Finn und Hildebrand :</subfield>
      <subfield code="b">zwei beiträge zur kenntnis der altgermanischen heldendichtung /</subfield>
      <subfield code="c">von Moritz Trautmann.</subfield>
    </datafield>
    <datafield tag="260" ind1=" " ind2=" ">
      <subfield code="a">Bonn :</subfield>
      <subfield code="b">P. Hanstein,</subfield>
      <subfield code="c">1903.</subfield>
    </datafield>
    <datafield tag="300" ind1=" " ind2=" ">
      <subfield code="a">viii, 130, [2] pages ;</subfield>
      <subfield code="c">23 cm.</subfield>
    </datafield>
    <datafield tag="336" ind1=" " ind2=" ">
      <subfield code="a">text</subfield>
      <subfield code="b">txt</subfield>
      <subfield code="2">rdacontent</subfield>
    </datafield>
    <datafield tag="337" ind1=" " ind2=" ">
      <subfield code="a">unmediated</subfield>
      <subfield code="b">n</subfield>
      <subfield code="2">rdamedia</subfield>
    </datafield>
    <datafield tag="338" ind1=" " ind2=" ">
      <subfield code="a">volume</subfield>
      <subfield code="b">nc</subfield>
      <subfield code="2">rdacarrier</subfield>
    </datafield>
    <datafield tag="490" ind1="1" ind2=" ">
      <subfield code="a">Bonner beiträge zur anglistik ;</subfield>
      <subfield code="v">Heft 7</subfield>
    </datafield>
    <datafield tag="630" ind1="0" ind2="0">
      <subfield code="a">Hildebrandslied.</subfield>
    </datafield>
    <datafield tag="630" ind1="0" ind2="0">
      <subfield code="a">Finnesburh.</subfield>
    </datafield>
    <datafield tag="650" ind1=" " ind2="0">
      <subfield code="a">Finnesburh.</subfield>
    </datafield>
    <datafield tag="630" ind1="0" ind2="4">
      <subfield code="a">Hildebrandslied.</subfield>
    </datafield>
    <datafield tag="630" ind1="0" ind2="4">
      <subfield code="a">Beowulf.</subfield>
    </datafield>
    <datafield tag="630" ind1="0" ind2="4">
      <subfield code="a">Finnsburg.</subfield>
    </datafield>
    <datafield tag="630" ind1="0" ind2="7">
      <subfield code="a">Hildebrandslied.</subfield>
      <subfield code="2">fast</subfield>
      <subfield code="0">(OCoLC)fst01358334</subfield>
    </datafield>
    <datafield tag="773" ind1="0" ind2=" ">
      <subfield code="t">Bonner Beiträge zur Anglistic, 5-8.</subfield>
      <subfield code="w">9973788260001441</subfield>
    </datafield>
    <datafield tag="776" ind1="0" ind2="8">
      <subfield code="i">Online version:</subfield>
      <subfield code="a">Trautmann, Moritz, 1842-1920.</subfield>
      <subfield code="t">Finn und Hildebrand.</subfield>
      <subfield code="d">Bonn, P. Hanstein, 1903</subfield>
      <subfield code="w">(OCoLC)776417507</subfield>
    </datafield>
    <datafield tag="830" ind1=" " ind2="0">
      <subfield code="a">Bonner beiträge zur anglistik ;</subfield>
      <subfield code="v">Hft. 7.</subfield>
    </datafield>
  </record>